| 000 | 00382cam a2200157ua 4500 | ||
|---|---|---|---|
| 020 | _a9788178085845 | ||
| 041 |
_aeng _h |
||
| 082 |
_a620.105 _bSIN/ME |
||
| 100 | _aSingh, D.k . | ||
| 245 |
_amechanics of solids / _cSingh. D.K. _hTextual Documents |
||
| 260 |
_a : _bPearson Education Asia , _c2002. |
||
| 300 | _a14.22 ; . | ||
| 504 | _a | ||
| 942 | _cBK | ||
| 999 |
_c12364 _d12364 |
||